Der Spanische Mensch und seine Literatur des "Goldenen Zeitalters" / (Record no. 149396)
[ view plain ]
| 000 -LEADER | |
|---|---|
| campo de control de longitud fija | 00536nam a2200169 i 4500 |
| 001 - NÚMERO DE CONTROL | |
| campo de control | 149396 |
| 003 - IDENTIFICADOR DE NÚMERO DE CONTROL | |
| campo de control | ES-MaACL |
| 005 - FECHA Y HORA DE LA ÚLTIMA TRANSACCIÓN | |
| campo de control | 20230906203102.0 |
| 007 - CAMPO FIJO DE DESCRIPCIÓN FÍSICA--INFORMACIÓN GENERAL | |
| campo de control de longitud fija | t| |
| 008 - DATOS DE LONGITUD FIJA--INFORMACIÓN GENERAL | |
| campo de control de longitud fija | 071022q19501959sp ||||1| ger d |
| 100 1# - ENTRADA PRINCIPAL--NOMBRE DE PERSONA | |
| Nombre de persona | Varela, José Luis. |
| 9 (RLIN) | 113137 |
| 245 14 - MENCIÓN DEL TÍTULO | |
| Título | Der Spanische Mensch und seine Literatur des "Goldenen Zeitalters" / |
| Mención de responsabilidad, etc. | von José Luis Varela. |
| 260 ## - PUBLICACIÓN, DISTRIBUCIÓN, ETC. | |
| Lugar de publicación, distribución, etc. | [S.l. : |
| Nombre del editor, distribuidor, etc. | s.n., |
| Fecha de publicación, distribución, etc. | 195-?] |
| 300 ## - DESCRIPCIÓN FÍSICA | |
| Extensión | 7 h. ; |
| Dimensiones | 26 cm. |
| 500 ## - NOTA GENERAL | |
| Nota general | Sonderdruck aus Saeculum III, Heft 3. Págs. 411-424. |
| 852 ## - LOCALIZACIÓN | |
| Ubicación | ES-MaACL |
| Número de control de estantería | 1612-F-13 |
| Sublocalización o colección | R.33095 |
| Estatus retirado | Estado de pérdida | Estado de daño | No para préstamo | Colección | Biblioteca de origen | Biblioteca actual | Ubicación en estantería | Fecha de adquisición | Fuente de adquisición | Total de préstamos | Signatura topográfica completa | Código de barras | Visto por última vez | Precio de reemplazo | Tipo de ítem Koha |
|---|---|---|---|---|---|---|---|---|---|---|---|---|---|---|---|
| Colección de folletos | Biblioteca del Ateneo de Madrid | Biblioteca del Ateneo de Madrid | Depósito folletos | 17/01/2008 | 1612-F-13 | 1155897 | 23/02/2023 | 23/02/2023 | Folleto |
